书目信息 |
| 题名: |
建筑施工技术
|
|
| 作者: | 杨正凯 , 张华明 主编 | |
| 分册: | ||
| 出版信息: | 北京 中国电力出版社 2009.01 |
|
| 页数: | 360页 | |
| 开本: | 20cm | |
| 丛书名: | ||
| 单 册: | ||
| 中图分类: | TU74 | |
| 科图分类: | ||
| 主题词: | 建筑施工--jian zhu shi gong | |
| 电子资源: | ||
| ISBN: | 978-7-5083-8059-9 | |
| 000 | 01065nam0 2200265 450 | |
| 001 | 012009270895 | |
| 005 | 20091128161222.29 | |
| 010 | @a978-7-5083-8059-9@dCNY37.00 | |
| 100 | @a20091128d2009 em y0chiy0120 ea | |
| 101 | 0 | @achi |
| 102 | @aCN@b110000 | |
| 105 | @aak a 000yy | |
| 106 | @ar | |
| 200 | 1 | @a建筑施工技术@Ajian zhu shi gong ji shu@f杨正凯, 张华明主编@Fyang zheng kai,zhang hua ming zhu bian |
| 210 | @a北京@c中国电力出版社@d2009.01 | |
| 215 | @a360页@d20cm | |
| 300 | @a普通高等教育“十一五”规划教材 | |
| 320 | @a有书目 (第360页) | |
| 330 | @a本书是普通高等教育“十一五”规划教材。全书共分九章,主要内容包括土方工程、桩基础工程、钢筋混凝土工程、预应力混凝土工程、砌筑工程、钢结构工程、建筑防水工程、装饰工程以及起重机械。本书以应用为主,理论联系实际;符合新规范、新标准和有关的技术法规;紧密切合大纲,重点突出。写。 | |
| 606 | 0 | @a建筑施工@Ajian zhu shi gong |
| 690 | @aTU74@v4 | |
| 701 | 0 | @a杨正凯@Ayang zheng kai@4主编 |
| 701 | 0 | @a张华明@Azhang hua ming@4主编 |
| 801 | 0 | @aCN@bQSSK@c20091128 |
| 905 | @b767346-50@dTU74@eY333@f5 | |
| 建筑施工技术/杨正凯, 张华明主编.-北京:中国电力出版社,2009.01 |
| 360页;20cm |
| 普通高等教育“十一五”规划教材 |
| ISBN 978-7-5083-8059-9:CNY37.00 |
| 本书是普通高等教育“十一五”规划教材。全书共分九章,主要内容包括土方工程、桩基础工程、钢筋混凝土工程、预应力混凝土工程、砌筑工程、钢结构工程、建筑防水工程、装饰工程以及起重机械。本书以应用为主,理论联系实际;符合新规范、新标准和有关的技术法规;紧密切合大纲,重点突出。写。 |
| ● |
| 相关链接 |
|
|
|
正题名:建筑施工技术
索取号:TU74/Y333
 
预约/预借
| 序号 | 登录号 | 条形码 | 馆藏地/架位号 | 状态 | 备注 |
| 1 | 767346 | 207673463 | 建筑库201/201建筑库 108排2列4层/ [索取号:TU74/Y333] | 在馆 | |
| 2 | 767347 | 207673472 | 建筑库201/201建筑库 108排2列4层/ [索取号:TU74/Y333] | 在馆 | |
| 3 | 767348 | 207673481 | 建筑库201/201建筑库 108排2列4层/ [索取号:TU74/Y333] | 在馆 | |
| 4 | 767349 | 207673490 | 建筑库201/201建筑库 108排2列4层/ [索取号:TU74/Y333] | 在馆 | |
| 5 | 767350 | 207673506 | 建筑库201/201建筑库 108排2列4层/ [索取号:TU74/Y333] | 在馆 |